[Event "Malaga op 15th"]
[Site "Malaga"]
[Date "2021.10.29"]
[Round "2"]
[White "Santana Martin, Juan"]
[Black "Borrego Mata, Manuel"]
[Result "1/2-1/2"]
[WhiteElo "2096"]
[BlackElo "1905"]
[PlyCount "82"]
[EventDate "2021.10.29"]
[EventType "swiss"]
[EventRounds "7"]
[EventCountry "ESP"]
[SourceTitle "CBM 204 Extra"]
[Source "ChessBase"]
[SourceDate "2021.11.30"]
[SourceVersion "1"]
[SourceVersionDate "2021.11.30"]
[SourceQuality "1"]

1. d4 d6 2. c4 Nf6 3. Nc3 g6 4. e4 Bg7 5. f4 0-0 6. Nf3 c5 7. d5 Bg4 8. Be2 a6 9. a4 Nbd7 10. h3 Bxf3 11. Bxf3 Nb6 12. Qb3 Rb8 13. 0-0 e6 14. Bd2 exd5 15. exd5 Qc7 16. Rfe1 Rfe8 17. Ne4 Nxe4 18. Rxe4 Nd7 19. Rae1 Rxe4 20. Rxe4 Nf6 21. Re1 h5 22. Qd1 Re8 23. Rxe8+ Nxe8 24. Qe2 Kf8 25. b3 Bd4+ 26. Kh2 Qe7 27. Qxe7+ Kxe7 28. g4 hxg4 29. hxg4 f5 30. g5 Kd7 31. Kg3 Nc7 32. Be2 b5 33. axb5 axb5 34. cxb5 Nxd5 35. Bc4 Ne7 36. Bf7 d5 37. Kf3 Bb2 38. Ba5 Bc1 39. Bb6 Ba3 40. Ba5 Bb2 41. Bd2 Ba3 1/2-1/2